000 00540nam a2200181Ia 4500
008 090124s9999 xx 000 0 und d
082 _b124978
100 _aगोगटे शकुंतला
245 _a मृगजळाची तहान
250 _a1
260 _c1991
300 _a142
600 _aगोगटे शकुंतला
630 _a मृगजळाची तहान
700 _aगोगटे शकुंतला
730 _a मृगजळाची तहान
942 _cBOOK
999 _c171068
_d171068